| 000 | 01506nam a2200289 a 4500 | ||
|---|---|---|---|
| 001 | 000027387 | ||
| 003 | DO-SdBNP | ||
| 005 | 20220310104544.0 | ||
| 008 | 110331s1972 dr ad 001 0 spa d | ||
| 040 |
_aDO-SdBNP _bspa _cBPMSU |
||
| 082 |
_a972.9304 _bM938d 1972 _222 |
||
| 100 | 1 |
_aMoya Pons, Frank, _d1944- |
|
| 245 | 1 | 3 |
_aLa dominación haitiana : _b1822-1844 / _cFrank Moya Pons. |
| 260 |
_aSantiago de los Caballeros, República Dominicana : _bPUCMM, _c1972. |
||
| 300 |
_a221 p. : _bil., tabls. ; _c20 cm. |
||
| 490 | 0 | _aEstudios | |
| 500 | _aIncluye índice de nombres, lugares y materias. | ||
| 504 | _aIncluye referencias bibliográficas y notas al pie de las págianas | ||
| 504 | _aBibliografía: p. 201-206. | ||
| 505 | 0 |
_gPrefacio -- _tLa invasión de Boyer (1820-1822) -- _tLa cuestión de la tierra (1822-1825) -- _tDeuda pública, crisis económica y oposición política (1826-1834) -- _tLa caída de Boyer: conspiración y reforma (1834-1843) -- _tEl fin de la dominación haitiana (1843-1844) -- _gApéndices: Proclama al Pueblo de Juan Pedro Boyer, Presidente de Haití, 9 de febrero de 1822 -- _gBibliografía -- _gÍndice de nombres, lugares y materias. |
|
| 590 | _aInventariado, 2022/VM | ||
| 651 | 4 |
_aRepública Dominicana _xHistoria _yOcupación haitiana 1822-1844 |
|
| 651 | 4 |
_aRepública Dominicana _xPolítica gobierno _yOcupación haitiana 822-1844 |
|
| 710 | 2 | _a Universidad Católica Madre y Maestra (República Dominicana) | |
| 910 | _aVMateo V. | ||
| 942 |
_2ddc _cBK |
||
| 999 |
_c14060 _d14060 |
||